| 000 | 00335nam a22001337a 4500 | ||
|---|---|---|---|
| 999 |
_c16985 _d16985 |
||
| 008 | 180713b xxu||||| |||| 00| 0 eng d | ||
| 050 |
_aLB1507 _b.N39 2009 c.1 |
||
| 100 | _aNayak, A.K. | ||
| 245 |
_aPrimary Education _cA K Nayak |
||
| 300 | _a315p. | ||
| 650 | _aEducation | ||
| 650 | _aIndividualized Instruction | ||
| 942 |
_2lcc _cBK |
||